00211nam a2200073Ia 4500008004100000100002000041245004800061260002800109170817s9999 xx 000 0 und d aDatta.Agnihotra 0aBal Kandrit Shiksha Evam Shaikshik Prodhike bAgarwal Prakashan Agara